000 00699nam a22002177a 4500
999 _c16439
_d16439
003 AR-CdUCM
008 190225b ||||| |||| 00| 0 spa d
040 _aMUNICIPALIDAD PROVINCIAL DEL CUSCO
_cBIBLIOTECA MUNICIPAL DEL CUSCO
082 _a918.1 /
_bN94
100 _aNuñez, Estuardo
_92660
245 _aEl Perú visto por viajeros /
260 _aLima :
_bPeisa ,
_c1973
300 _a2 tomos ;
_c18 cm.
440 _aBiblioteca Peruana.
_n29-33
_92661
505 _aContenido: t.1: la costa -- t.2: La Sierra -- La selva.
650 _aViajeros
_92662
650 _aDescripción del Perú.
_92663
650 _aRegiones del Perú
_92664
942 _2ddc
_cLIBROS
945 _apjha
_d2019-05-03